Central Library OPAC University of Rajshahi

First year of second five-year plan in East Pakistan : (Record no. 38390)

MARC details
000 -LEADER
fixed length control field 00863nam a2200217 a 4500
001 - CONTROL NUMBER
control field 38390
003 - CONTROL NUMBER IDENTIFIER
rucl marc code BD-RjUL
005 - DATE AND TIME OF LATEST TRANSACTION
control field 20211209052803.0
008 - FIXED-LENGTH DATA ELEMENTS--GENERAL INFORMATION
fixed length control field 151121s1961 pk a| | 00| 0 eng|d
035 ## - SYSTEM CONTROL NUMBER
System control number (BD-RjUL)38495
040 ## - CATALOGING SOURCE
Original cataloging agency BD-RjUL
Language of cataloging eng
Transcribing agency BD-RjUL
Modifying agency BD-RjUL
041 ## - LANGUAGE CODE
Language code of text/sound track or separate title eng
082 ## - DEWEY DECIMAL CLASSIFICATION NUMBER
Classification number 338.9549
Edition number 23
Author mark and year EAF 1961
110 ## - MAIN ENTRY--CORPORATE NAME
Corporate name or jurisdiction name as entry element East Pakistan (Pakistan).
Subordinate unit Planning Department (Project Division)
9 (RLIN) 165539
245 ## - TITLE STATEMENT
Title First year of second five-year plan in East Pakistan :
Remainder of title progress of approved development schemes for the year 1960-61 /
Statement of responsibility, etc. East Pakistan (Pakistan). Planning Department (Project Division)
260 ## - PUBLICATION, DISTRIBUTION, ETC. (IMPRINT)
Place of publication, distribution, etc. Dacca (Dhaka) :
Name of publisher, distributor, etc. East Pakistan Government Press,
Date of publication, distribution, etc. 1961
300 ## - PHYSICAL DESCRIPTION
Pagination P, xix, 289 p.:
Illustrations Ill. ;
Size 24 cm.
500 ## - GENERAL NOTE
General note "For Official use only"
650 ## - SUBJECT ADDED ENTRY--TOPICAL TERM
Topical term or geographic name as entry element East Pakistan (Pakistan)
General subdivision Economic policy.
9 (RLIN) 165540
942 ## - ADDED ENTRY ELEMENTS (KOHA)
Source of classification or shelving scheme Dewey Decimal Classification
Koha item type Rare Books
Holdings
Lost status Source of classification or shelving scheme Damaged status Not for loan Collection code Permanent Location Current Location Shelving location Date acquired Source of acquisition Total Checkouts Full call number Date last seen Copy number Koha item type
  Dewey Decimal Classification   Not For Loan Rare Books Central Library, University of Rajshahi Central Library, University of Rajshahi Rare Book Section 13/08/1962 Govt. of Pakistan   RA 338.9549 EAF 1961 20/11/2016 C-1 Rare Books